Tudományos kutatómunka a Szegedi Belgyógyászati Klinikán
Elmentve itt :
| Dokumentumtípus: | Cikk |
|---|---|
| Megjelent: |
1953-01-28
|
| Sorozat: | Délmagyarország
|
| Kulcsszavak: | Tudományos élet Szeged 1953 |
| Online Access: | http://dmarchiv.bibl.u-szeged.hu/35071 |
| LEADER | 00434nab a2200145 i 4500 | ||
|---|---|---|---|
| 001 | delm35071 | ||
| 005 | 20180927112846.0 | ||
| 008 | 180927s1953 hu o 0|| hun d | ||
| 040 | |a SZTE Délmagyarország Archívum |b hun | ||
| 041 | |a hun | ||
| 245 | 0 | 0 | |a Tudományos kutatómunka a Szegedi Belgyógyászati Klinikán |h [elektronikus dokumentum] |
| 260 | |c 1953-01-28 | ||
| 300 | |a 1 | ||
| 490 | 0 | |a Délmagyarország | |
| 695 | |a Tudományos élet Szeged 1953 | ||